Normal view
MARC view
- Water Environment Federation.
Entry Corporate Name
001 - CONTROL NUMBER
- control field: 18948
003 - CONTROL NUMBER IDENTIFIER
- control field: NUST
005 - DATE AND TIME OF LATEST TRANSACTION
- control field: 20190801052213.0
008 - FIXED-LENGTH DATA ELEMENTS
- fixed length control field: 190801|| aca||aabn | a|a d
040 ## - CATALOGING SOURCE
- Original cataloging agency: NUST
- Transcribing agency: NUST
110 ## - HEADING--CORPORATE NAME
- Corporate name or jurisdiction name as entry element: Water Environment Federation.
- Subordinate unit: Wastewater Treatment Process Modeling Task Force.
670 ## - SOURCE DATA FOUND
- Source citation: Work cat.: (NUST)0: Wastewater treatment process modeling /
